Effective Communications for Nutrition in Primary Health Care : (Record no. 766)
[ view plain ]
| 000 -LEADER | |
|---|---|
| fixed length control field | 00943nam a2200289 a 4500 |
| 001 - CONTROL NUMBER | |
| control field | 2002117 |
| 003 - CONTROL NUMBER IDENTIFIER | |
| control field | OSt |
| 005 - DATE AND TIME OF LATEST TRANSACTION | |
| control field | 20161026143019.0 |
| 008 - FIXED-LENGTH DATA ELEMENTS--GENERAL INFORMATION | |
| fixed length control field | 930812s1988 ja a b i100 0 eng d |
| 010 ## - LIBRARY OF CONGRESS CONTROL NUMBER | |
| LC control number | 90123399 |
| 020 ## - INTERNATIONAL STANDARD BOOK NUMBER | |
| International Standard Book Number | 9280806343 |
| 035 ## - SYSTEM CONTROL NUMBER | |
| System control number | (OCoLC)19699218 |
| 040 ## - CATALOGING SOURCE | |
| Original cataloging agency | NbU |
| Transcribing agency | NbU |
| Modifying agency | DLC |
| 042 ## - AUTHENTICATION CODE | |
| Authentication code | lccopycat |
| 043 ## - GEOGRAPHIC AREA CODE | |
| Geographic area code | a------ |
| 050 04 - LIBRARY OF CONGRESS CALL NUMBER | |
| Classification number | TX360.A74 |
| Item number | E34 1983 |
| 082 ## - DEWEY DECIMAL CLASSIFICATION NUMBER | |
| Classification number | W 84.6 E35 1988 |
| 100 ## - MAIN ENTRY--PERSONAL NAME | |
| Personal name | Edited by Andersen, Jean E; Aree Valyasevi. |
| 9 (RLIN) | 11249 |
| 245 00 - TITLE STATEMENT | |
| Title | Effective Communications for Nutrition in Primary Health Care : |
| Remainder of title | report of the Asian Regional Workshop, Bangkok, Thailand, 3-7 October 1983 |
| 260 ## - PUBLICATION, DISTRIBUTION, ETC. (IMPRINT) | |
| Place of publication, distribution, etc. | Tokyo; |
| Name of publisher, distributor, etc. | United Nations University, |
| Date of publication, distribution, etc. | c1988. |
| 300 ## - PHYSICAL DESCRIPTION | |
| Extent | xii, 208 p. : |
| Other physical details | ill. ; |
| Dimensions | 24 cm. |
| 504 ## - BIBLIOGRAPHY, ETC. NOTE | |
| Bibliography, etc | Includes bibliographical references. |
| 650 #0 - SUBJECT ADDED ENTRY--TOPICAL TERM | |
| Topical term or geographic name as entry element | Nutrition policy |
| 9 (RLIN) | 2054 |
| 650 #0 - SUBJECT ADDED ENTRY--TOPICAL TERM | |
| Topical term or geographic name as entry element | Public health |
| 9 (RLIN) | 2055 |
| 906 ## - LOCAL DATA ELEMENT F, LDF (RLIN) | |
| a | 7 |
| b | cbc |
| c | copycat |
| d | 3 |
| e | ncip |
| f | 19 |
| g | y-gencatlg |
| 942 ## - ADDED ENTRY ELEMENTS (KOHA) | |
| Source of classification or shelving scheme | Other/Generic Classification Scheme |
| Koha item type | Short Loan |
| Withdrawn status | Lost status | Source of classification or shelving scheme | Damaged status | Not for loan | Home library | Current library | Date acquired | Source of acquisition | Inventory number | Total Checkouts | Full call number | Barcode | Date last seen | Koha item type | Price effective from |
|---|---|---|---|---|---|---|---|---|---|---|---|---|---|---|---|
| Other/Generic Classification Scheme | MUST Main Library | MUST Main Library | 18/11/2014 | Book aid | 01/15026 | W 84.6 E35 1988 | 2014-3385 | 18/11/2014 | Short Loan | ||||||
| Other/Generic Classification Scheme | MUST Main Library | MUST Main Library | 31/01/2023 | Donation | 15024 | W 84.6 E35 1988 | 2023-0073 | 31/01/2023 | Open Shelf | 31/01/2023 | |||||
| Other/Generic Classification Scheme | MUST Main Library | MUST Main Library | 31/01/2023 | Donation | 15027 | W 84.6 E35 1988 | 2023-0074 | 31/01/2023 | Open Shelf | 31/01/2023 | |||||
| Other/Generic Classification Scheme | MUST Main Library | MUST Main Library | 31/01/2023 | Donation | 15025 | W 84.6 E35 1988 | 2023-0075 | 31/01/2023 | Open Shelf | 31/01/2023 |
